Library Logo

Pioneer International University Library Catalogue

Radio wave propagation / (Record no. 2314)

MARC details
000 -LEADER
fixed length control field 00727nam a2200205 a 4500
005 - DATE AND TIME OF LATEST TRANSACTION
control field 20250901165331.0
008 - FIXED-LENGTH DATA ELEMENTS--GENERAL INFORMATION
fixed length control field 891109s1987 nyua b 001 0 eng
010 ## - LIBRARY OF CONGRESS CONTROL NUMBER
LC control number 88134183
020 ## - INTERNATIONAL STANDARD BOOK NUMBER
International Standard Book Number 0070064334
050 00 - LIBRARY OF CONGRESS CALL NUMBER
Classification number TK6553
Item number .B56213 1987
082 00 - DEWEY DECIMAL CLASSIFICATION NUMBER
Classification number 621.384/11
Edition information 20
100 1# - MAIN ENTRY--PERSONAL NAME
Personal name Boithias, Lucien.
245 10 - TITLE STATEMENT
Title Radio wave propagation /
Statement of responsibility, etc. Lucien Boithias ; translated by David Beeson ; foreword by L-J Libois.
250 ## - EDITION STATEMENT
Edition statement Rev. and updated 1987.
260 ## - PUBLICATION, DISTRIBUTION, ETC.
Place of publication, distribution, etc. New York :
Name of publisher, distributor, etc. McGraw-Hill,
Date of publication, distribution, etc. 1987.
300 ## - PHYSICAL DESCRIPTION
Extent 330 p. :
Other physical details ill. ;
Dimensions 24 cm.
500 ## - GENERAL NOTE
General note Translation of: Propagation des ondes radioélectriques dans l'environnement terrestre.
500 ## - GENERAL NOTE
General note Includes index.
942 ## - ADDED ENTRY ELEMENTS (KOHA)
Source of classification or shelving scheme Library of Congress Classification
Classification part TK6553 .B65 1987
Holdings
Withdrawn status Lost status Source of classification or shelving scheme Damaged status Not for loan Home library Current library Shelving location Date acquired Total checkouts Full call number Barcode Date last seen Price effective from Koha item type
    Library of Congress Classification     Main Library Main Library   03/12/2021   TK6553 .B56213 1987 PIU0010715 03/12/2021 03/12/2021 Books